Diseño construcción de cimientos
| Main Author: | |
|---|---|
| Format: | Section = Libro |
| Language: | Undetermined Spanish |
| Published: |
Bilbao
URMO
1982
|
| Subjects: |
| LEADER | 00525nam a2200205Ia 4500 | ||
|---|---|---|---|
| 008 | 240829s9999 xx 000 0 und d | ||
| 020 | |a 84-314-0118-4 | ||
| 040 | |a BIBLIOTECA-RUSB/ 624.158 T659 | ||
| 041 | |a spa | ||
| 082 | |a 624.158 T659 | ||
| 100 | 1 | |a Tomlinson, M.J | |
| 245 | 1 | 0 | |a Diseño construcción de cimientos |
| 260 | |a Bilbao |b URMO |c 1982 | ||
| 300 | |a 825 p. :il. | ||
| 650 | 7 | |a DISEÑO Y CONSTRUCCION | |
| 650 | 7 | |b CIMIENTOS | |
| 650 | 7 | |c MOVIMIENTOS DE TIERRAS | |
| 942 | |c BK |2 ddc | ||
| 991 | |a TEXTO | ||
| 999 | |c 3661 | ||